000 01006naa a22002657a 4500
001 BR7800618
003 BR-BrBNA
005 20250714162939.0
007 ta
008 250630b bl.|||m| |||| 00| 0 por d
040 _aBR-BrBNA
_bpor
_cBiblioteca Nacional de Agricultura
041 _a(Pt)
072 _aF40; F60
_b0230
_bG514
090 _aF40 BR7800618
100 1 _aSantos, D. dos
245 1 _aEcofisiologia da cana-de-acucar [Saccharum officinarum]
500 _aRecomendacoes tecnicas para a cultura da cana-de-acucar no Estado do Parana Londrina, PR (Brasil): 1977. p. 8-22 [5 ref.] (BR7800618-AMS)
773 0 _tRecomendacoes tecnicas para a cultura da cana-de-acucar no Estado do Parana
_wF40 BR7800618
_gLondrina, PR (Brasil), 1977. p. 8-22
650 _aECOLOGIA VEGETAL
650 _aFISIOLOGIA VEGETAL
650 _aCANA DE ACUCAR
490 _aCircular - Fundacao Instituto Agronomico do Parana (Brazil)
_vno. 6
942 _cAMS
_2AGRIS
909 _a202506
_bLúcia
_c55
_dLúcia Elande
999 _c333060
_d333060